000 00842nam a2200229Ia 4500
001 10665
003 GE_BSU
008 181216s||||||||xx |||||||||||||| ||und||
020 _a9789941162909
040 _cGE_BSU
080 _a821.353.1.09
100 _aალიბეგაშვილი,გიორგი. სირაძე,რევაზ. სულავა,ნესტან.
245 _aქართული ლიტერატურა ტ.1(V-XVIII სს.)
245 _cრედ.ბეგო ბეჟუაშვილი.
260 _aთბილისი.
260 _bსაქართველოს მაცნე.
260 _c2013.
300 _a425გვ;25სმ.
541 _h17ლ.50თ.
653 _aქართული ლიტერატურა ტ.1(V-XVIII სს.)
942 _cBK
999 _c43916
_d43916